Jak zhospodarnit a zkvalitnit operace broušení v dřevoprůmyslu

Bibliographic Details
Main Author: Truc, Rudolf (Author)
Format: Article
Language:Czech
Subjects:

MARC

LEADER 00000nab a2200000 a 4500
001 vtls000199103
003 SK-MaSNL
005 20260303231958.0
008 160201c1984 xo 0 cze
015 |a SNBRB19rr/mm-uuuuu 
035 |a CL0209216 
040 |a SNKBUCL  |b slo  |c SNKBUCL  |e AACR2 
041 0 |a cze 
044 |a xo  |c SK 
080 |a 674.02:621.923.1/.4  |2 1981 
080 |a 621.923.1/.4  |2 1981 
080 |a 674.02  |2 1981 
100 1 |a Truc, Rudolf  |4 aut  |9 920919 
245 1 0 |a Jak zhospodarnit a zkvalitnit operace broušení v dřevoprůmyslu  |c Rudolf Truc 
650 0 7 |a drevársky priemysel  |2 snkbucl  |9 1117 
650 0 7 |a brúsenie dreva  |2 snkbucl  |9 978916 
655 7 |a články z novín a časopisov  |2 snkbucl  |9 267496 
773 0 |t Drevo  |g Roč. 39, č. 10 (1984), s. 295-296 
850 |a Slovenská národná knižnica v Martine  |a MTA001 
852 |a SNK  |b KIS3GCP 
958 |a RK 
958 |a CZ 
992 |a RBX 
999 |c 2269613  |d 2271543